000
00327cam a2200133ua 4500
041
_a
eng
_h
100
_a
Balasubramaniyan, P.P .
245
_a
Cashew -nut production and Technology for profit
260
_a
Delhi :
_b
Director of exetension ,
_c
1998.
300
_a
; .
504
_a
942
_c
BK
999
_c
13001
_d
13001